000 00424nam a2200181Ia 4500
001 7877
005 20260306160527.0
008 260306t1953||||xx |||||||||||||| ||spa||
041 _aESP
082 _a363.5
_bW26
100 _aWare, Caroline F.,
_eAUT
245 0 _aEl servicio social y la vivienda
260 _c1953
300 _a68 páginas :
_c23 cm.
650 _aGEN
654 _aCAN
942 _cLIB
_dJUS
_fJUS
_2ddc
_n
999 _c7877
_d7877